LIBRARY & INFORMATION CENTRE, KCAET, TAVANUR

ONLINE PUBLIC ACCESS CATALOGUE (OPAC)

Forest Hydrology An Introduction To water And Forests (Record no. 14340)

MARC details
000 -LEADER
fixed length control field 00318nam a22001337a 4500
020 ## - INTERNATIONAL STANDARD BOOK NUMBER
ISBN 9781439879948
082 ## - DEWEY DECIMAL CLASSIFICATION NUMBER
Classification number 551
Item number CHA/FO
100 ## - MAIN ENTRY--AUTHOR NAME
Personal name Chang,Mingteh
245 ## - TITLE STATEMENT
Title Forest Hydrology An Introduction To water And Forests
250 ## - EDITION STATEMENT
Edition statement 3
260 ## - PUBLICATION, DISTRIBUTION, ETC. (IMPRINT)
Place of publication New York
Name of publisher CRC Press
Year of publication 2013
300 ## - PHYSICAL DESCRIPTION
Number of Pages 569
942 ## - ADDED ENTRY ELEMENTS (KOHA)
Koha item type Books
Holdings
Withdrawn status Lost status Damaged status Collection code Home library Current library Shelving location Date acquired Source of acquisition Cost, normal purchase price Full call number Accession Number Koha item type
        KAUAET KAUAET General Stacks 17/06/2016 Ganesh Book Center Trivanrum 7295.21 551 CHA/FO 24587 Books
free website counter